[Event "WYCC Open U16"]
[Site "Porto Carras"]
[Date "2015.10.28"]
[Round "4.9"]
[White "Nikitenko, Mihail"]
[Black "Abdisalimov, Abdimalik"]
[Result "1-0"]
[BlackElo "2178"]
[WhiteElo "2393"]
[LiveChessVersion "1.4.6"]

1. e4 {[%clk 1:30:56]} d6 {[%clk 1:30:50]} 2. d4 {[%clk 1:31:07]} Nf6
{[%clk 1:31:15]} 3. Nc3 {[%clk 1:31:12]} g6 {[%clk 1:31:38]} 4. Be2
{[%clk 1:31:02]} Bg7 {[%clk 1:31:59]} 5. h4 {[%clk 1:31:22]} c5 {[%clk 1:08:43]}
6. dxc5 {[%clk 1:31:21]} Qa5 {[%clk 1:08:19]} 7. Kf1 {[%clk 1:31:37]} Qxc5
{[%clk 1:08:30]} 8. Be3 {[%clk 1:31:15]} Qb4 {[%clk 1:00:46]} 9. a3
{[%clk 1:28:12]} Qxb2 {[%clk 0:39:17]} 10. Bd4 {[%clk 1:23:49]} e5
{[%clk 0:33:07]} 11. Ra2 {[%clk 1:24:04]} Qxa2 {[%clk 0:33:27]} 12. Nxa2
{[%clk 1:24:26]} exd4 {[%clk 0:33:55]} 13. Nb4 {[%clk 1:19:49]} O-O
{[%clk 0:31:01]} 14. Nd5 {[%clk 1:17:56]} Nc6 {[%clk 0:30:44]} 15. Bd3
{[%clk 1:15:30]} h5 {[%clk 0:26:00]} 16. Ne2 {[%clk 1:12:24]} Ng4
{[%clk 0:23:58]} 17. Nef4 {[%clk 1:11:49]} Bd7 {[%clk 0:21:38]} 18. Rh3
{[%clk 1:03:53]} Kh7 {[%clk 0:19:47]} 19. Kg1 {[%clk 1:01:45]} Be5
{[%clk 0:16:20]} 20. Qb1 {[%clk 0:51:06]} Rab8 {[%clk 0:15:31]} 21. Rf3
{[%clk 0:48:06]} Kg7 {[%clk 0:14:01]} 22. Qc1 {[%clk 0:47:17]} Rh8
{[%clk 0:13:14]} 23. Bc4 {[%clk 0:41:25]} Rbf8 {[%clk 0:10:57]} 24. Nd3
{[%clk 0:37:24]} Bc8 {[%clk 0:07:44]} 25. Qd2 {[%clk 0:36:10]} Bd7
{[%clk 0:07:49]} 26. Bb3 {[%clk 0:36:18]} Be6 {[%clk 0:04:03]} 27. Nxe5
{[%clk 0:34:20]} dxe5 {[%clk 0:04:19]} 28. Rg3 {[%clk 0:29:14]} f6
{[%clk 0:00:41]} 29. f3 {[%clk 0:25:08]} Nh6 {[%clk 0:00:44]} 30. Ne7
{[%clk 0:24:47]} Nxe7 {[%clk 0:00:35]} 31. Bxe6 {[%clk 0:25:11]} Rd8
{[%clk 0:00:46]} 32. Qb4 {[%clk 0:25:15]} Rhe8 {[%clk 0:00:52]} 33. Qxb7
{[%clk 0:24:45]} Rd6 {[%clk 0:00:54]} 34. Bf5 {[%clk 0:24:27]} Nf7
{[%clk 0:00:48]} 35. Qxa7 {[%clk 0:23:21]} g5 {[%clk 0:00:36]} 36. a4
{[%clk 0:22:48]} Nc6 {[%clk 0:00:43]} 37. Qc5 {[%clk 0:22:51]} Kh6
{[%clk 0:00:42]} 38. hxg5+ {[%clk 0:22:37]} fxg5 {[%clk 0:01:09]} 39. Bd7
{[%clk 0:22:59]} Re7 {[%clk 0:01:12]} 40. Bf5 {[%clk 0:47:24]} 1-0

[Event "WYCC Open U16"]
[Site "Porto Carras"]
[Date "2015.10.28"]
[Round "4.10"]
[White "Ritviz, Parab"]
[Black "Capone, Nicola"]
[Result "0-1"]
[BlackElo "2391"]
[WhiteElo "2267"]
[LiveChessVersion "1.4.6"]

1. e4 {[%clk 1:30:50]} e6 {[%clk 1:30:47]} 2. d4 {[%clk 1:31:15]} d5
{[%clk 1:31:09]} 3. Nc3 {[%clk 1:31:39]} Bb4 {[%clk 1:31:30]} 4. e5
{[%clk 1:31:55]} Ne7 {[%clk 1:31:51]} 5. Nf3 {[%clk 1:24:56]} b6 {[%clk 1:26:50]}
6. Be2 {[%clk 1:17:38]} Ba6 {[%clk 1:16:07]} 7. Bxa6 {[%clk 1:08:12]} Nxa6
{[%clk 1:16:20]} 8. Qe2 {[%clk 1:08:25]} Qc8 {[%clk 1:16:42]} 9. O-O
{[%clk 1:07:18]} Bxc3 {[%clk 1:16:50]} 10. bxc3 {[%clk 1:07:44]} c5
{[%clk 1:10:49]} 11. Bg5 {[%clk 0:51:19]} Nc6 {[%clk 1:05:41]} 12. h4
{[%clk 0:46:12]} h6 {[%clk 0:51:14]} 13. Be3 {[%clk 0:45:27]} cxd4
{[%clk 0:50:50]} 14. cxd4 {[%clk 0:45:41]} Na5 {[%clk 0:50:55]} 15. Nd2
{[%clk 0:34:38]} Nc4 {[%clk 0:49:09]} 16. f4 {[%clk 0:29:53]} Nb4
{[%clk 0:35:09]} 17. Rfc1 {[%clk 0:28:57]} O-O {[%clk 0:28:01]} 18. c3
{[%clk 0:27:14]} Na6 {[%clk 0:28:02]} 19. g4 {[%clk 0:20:21]} Nxd2
{[%clk 0:27:01]} 20. Bxd2 {[%clk 0:20:35]} Qc4 {[%clk 0:16:06]} 21. Qf3
{[%clk 0:20:39]} f6 {[%clk 0:16:02]} 22. exf6 {[%clk 0:14:43]} Rxf6
{[%clk 0:16:25]} 23. Re1 {[%clk 0:05:23]} Nc7 {[%clk 0:16:38]} 24. g5
{[%clk 0:04:34]} Rf5 {[%clk 0:13:54]} 25. Qh3 {[%clk 0:00:59]} Raf8
{[%clk 0:12:10]} 26. a4 {[%clk 0:00:44]} Kh8 {[%clk 0:04:49]} 27. Bc1
{[%clk 0:00:42]} R8f7 {[%clk 0:01:58]} 28. Bd2 {[%clk 0:00:37]} Rf8
{[%clk 0:01:15]} 29. Bc1 {[%clk 0:01:01]} Qc6 {[%clk 0:01:31]} 30. Ra2
{[%clk 0:00:53]} Qe8 {[%clk 0:01:13]} 31. Rg2 {[%clk 0:00:50]} h5
{[%clk 0:01:01]} 32. g6 {[%clk 0:00:36]} R8f6 {[%clk 0:00:58]} 33. Rg5
{[%clk 0:00:35]} Rxg5+ {[%clk 0:01:01]} 34. fxg5 {[%clk 0:00:35]} Qxg6
{[%clk 0:01:02]} 35. Qg3 {[%clk 0:00:37]} Rf7 {[%clk 0:01:10]} 36. Bf4
{[%clk 0:00:44]} Ne8 {[%clk 0:00:43]} 37. Be5 {[%clk 0:00:50]} Qf5
{[%clk 0:00:37]} 38. Kg2 {[%clk 0:00:37]} Kh7 {[%clk 0:00:38]} 39. Kg1
{[%clk 0:00:35]} Kg8 {[%clk 0:00:33]} 40. Kg2 {[%clk 0:30:32]} Kh7
{[%clk 0:30:49]} 41. Kg1 {[%clk 0:18:25]} Kg8 {[%clk 0:16:44]} 42. Kg2
{[%clk 0:14:04]} Qc2+ {[%clk 0:13:24]} 43. Kg1 {[%clk 0:14:02]} Qxa4
{[%clk 0:11:59]} 44. Bf4 {[%clk 0:13:04]} Qd7 {[%clk 0:09:46]} 45. g6
{[%clk 0:09:40]} Rf5 {[%clk 0:09:12]} 46. Re5 {[%clk 0:06:21]} Nf6
{[%clk 0:04:32]} 47. Rxf5 {[%clk 0:04:10]} exf5 {[%clk 0:05:01]} 48. Qg5
{[%clk 0:04:24]} a5 {[%clk 0:04:23]} 49. Be5 {[%clk 0:04:06]} a4 {[%clk 0:01:42]}
50. Bxf6 {[%clk 0:02:59]} gxf6 {[%clk 0:02:10]} 51. Qxf6 {[%clk 0:03:21]} b5
{[%clk 0:01:17]} 52. Kf2 {[%clk 0:00:57]} a3 {[%clk 0:01:36]} 53. g7
{[%clk 0:00:36]} Qf7 {[%clk 0:00:51]} 54. Qh6 {[%clk 0:00:33]} Qxg7
{[%clk 0:01:10]} 55. Qc6 {[%clk 0:00:43]} Qf7 {[%clk 0:00:43]} 56. Qa8+
{[%clk 0:00:42]} Kh7 {[%clk 0:00:58]} 57. Qxa3 {[%clk 0:01:01]} Qf6
{[%clk 0:01:07]} 58. Qa7+ {[%clk 0:00:35]} Kh6 {[%clk 0:01:35]} 59. Kf3
{[%clk 0:00:33]} Qe6 {[%clk 0:01:21]} 60. Qb8 {[%clk 0:00:33]} Qe4+
{[%clk 0:01:45]} 61. Kg3 {[%clk 0:00:35]} Qg4+ {[%clk 0:02:07]} 62. Kf2
{[%clk 0:00:32]} Qxh4+ {[%clk 0:02:36]} 63. Ke2 {[%clk 0:00:42]} Qe4+
{[%clk 0:02:52]} 64. Kd2 {[%clk 0:01:02]} h4 {[%clk 0:02:32]} 65. Qxb5
{[%clk 0:00:41]} h3 {[%clk 0:02:00]} 66. Qb8 {[%clk 0:00:44]} Kh5
{[%clk 0:01:35]} 67. Qh8+ {[%clk 0:00:32]} Kg4 {[%clk 0:01:59]} 68. Qg7+
{[%clk 0:00:36]} Kf3 {[%clk 0:02:18]} 69. Qh7 {[%clk 0:00:54]} Qf4+
{[%clk 0:01:30]} 70. Kc2 {[%clk 0:00:50]} h2 {[%clk 0:01:26]} 71. Kb3
{[%clk 0:00:55]} Kf2 {[%clk 0:00:46]} 72. Ka4 {[%clk 0:00:42]} Kg1
{[%clk 0:01:02]} 73. Qg8+ {[%clk 0:00:35]} Qg4 {[%clk 0:01:27]} 74. Qe6
{[%clk 0:00:51]} h1=Q {[%clk 0:01:40]} 75. Qe3+ {[%clk 0:00:49]} Kg2
{[%clk 0:01:29]} 76. Qd2+ {[%clk 0:01:14]} Kg3 {[%clk 0:01:43]} 77. Qe3+
{[%clk 0:01:33]} Qhf3 {[%clk 0:01:56]} 78. Qe1+ {[%clk 0:01:22]} Kh3
{[%clk 0:02:09]} 0-1

[Event "WYCC Open U16"]
[Site "Porto Carras"]
[Date "2015.10.28"]
[Round "4.11"]
[White "Dragnev, Valentin"]
[Black "Morozov, Nichita"]
[Result "1/2-1/2"]
[BlackElo "2281"]
[WhiteElo "2380"]
[LiveChessVersion "1.4.6"]

1. e4 {[%clk 1:30:58]} e5 {[%clk 1:30:56]} 2. Nf3 {[%clk 1:31:23]} Nc6
{[%clk 1:31:25]} 3. Bb5 {[%clk 1:31:43]} a6 {[%clk 1:31:50]} 4. Bxc6
{[%clk 1:32:09]} dxc6 {[%clk 1:32:11]} 5. O-O {[%clk 1:32:32]} Qe7
{[%clk 1:32:29]} 6. d4 {[%clk 1:28:03]} exd4 {[%clk 1:32:34]} 7. Qxd4
{[%clk 1:27:39]} Bg4 {[%clk 1:30:42]} 8. Ne5 {[%clk 1:22:17]} Rd8
{[%clk 1:28:04]} 9. Qc3 {[%clk 1:21:34]} Bc8 {[%clk 1:27:40]} 10. Bf4
{[%clk 1:11:36]} Qf6 {[%clk 1:08:51]} 11. Qg3 {[%clk 0:53:31]} Bd6
{[%clk 1:05:48]} 12. Nd3 {[%clk 0:52:49]} Bxf4 {[%clk 1:06:05]} 13. Qxf4
{[%clk 0:53:08]} Qxf4 {[%clk 1:04:28]} 14. Nxf4 {[%clk 0:53:37]} Nf6
{[%clk 1:01:12]} 15. Nc3 {[%clk 0:52:45]} Ke7 {[%clk 0:55:26]} 16. Rad1
{[%clk 0:49:56]} b6 {[%clk 0:52:27]} 17. f3 {[%clk 0:50:04]} Nd7 {[%clk 0:45:01]}
18. Nd3 {[%clk 0:46:25]} Bb7 {[%clk 0:43:00]} 19. Kf2 {[%clk 0:46:34]} Nf8
{[%clk 0:42:00]} 20. Rd2 {[%clk 0:45:41]} Ne6 {[%clk 0:41:59]} 21. Rfd1
{[%clk 0:45:55]} f6 {[%clk 0:35:19]} 22. h4 {[%clk 0:41:50]} Rd6 {[%clk 0:32:55]}
23. e5 {[%clk 0:34:53]} fxe5 {[%clk 0:31:39]} 24. Re2 {[%clk 0:33:25]} c5
{[%clk 0:29:10]} 25. Rde1 {[%clk 0:30:42]} Nd4 {[%clk 0:25:36]} 26. Rxe5+
{[%clk 0:30:40]} Kd8 {[%clk 0:26:03]} 27. Rc1 {[%clk 0:25:08]} Rf8
{[%clk 0:23:38]} 28. Ne1 {[%clk 0:20:57]} Nf5 {[%clk 0:20:14]} 29. h5
{[%clk 0:14:17]} Rd2+ {[%clk 0:17:53]} 30. Re2 {[%clk 0:14:16]} Rd4
{[%clk 0:18:13]} 31. Nd3 {[%clk 0:11:59]} Nd6 {[%clk 0:18:11]} 32. Rce1
{[%clk 0:10:03]} Rh4 {[%clk 0:13:19]} 33. Re5 {[%clk 0:08:37]} a5
{[%clk 0:09:05]} 34. Rg5 {[%clk 0:04:51]} Rf7 {[%clk 0:07:24]} 35. Ne5
{[%clk 0:05:18]} Re7 {[%clk 0:07:46]} 36. Ng4 {[%clk 0:04:16]} Rxe1
{[%clk 0:07:47]} 37. Kxe1 {[%clk 0:04:43]} Rh1+ {[%clk 0:08:09]} 38. Kf2
{[%clk 0:04:20]} Ne8 {[%clk 0:08:03]} 39. Ne3 {[%clk 0:02:14]} h6
{[%clk 0:07:23]} 40. Re5 {[%clk 0:30:52]} Nf6 {[%clk 0:37:13]} 41. g4
{[%clk 0:27:21]} Rh3 {[%clk 0:35:04]} 42. Rf5 {[%clk 0:22:35]} Rh2+
{[%clk 0:31:32]} 43. Kg3 {[%clk 0:17:52]} Rd2 {[%clk 0:31:28]} 44. Re5
{[%clk 0:16:13]} Nd7 {[%clk 0:28:32]} 45. Re6 {[%clk 0:16:37]} Nf8
{[%clk 0:28:57]} 46. Re5 {[%clk 0:16:58]} Nd7 {[%clk 0:29:23]} 47. Re6
{[%clk 0:16:00]} Nf8 {[%clk 0:29:45]} 48. Re5 {[%clk 0:16:27]} 1/2-1/2

[Event "WYCC Open U16"]
[Site "Porto Carras"]
[Date "2015.10.28"]
[Round "4.12"]
[White "Acosta, Pablo Ismael"]
[Black "Lazov, Toni"]
[Result "1/2-1/2"]
[BlackElo "2139"]
[WhiteElo "2377"]
[LiveChessVersion "1.4.6"]

1. c4 {[%clk 1:30:55]} e5 {[%clk 1:30:42]} 2. g3 {[%clk 1:31:08]} Nc6
{[%clk 1:30:54]} 3. Bg2 {[%clk 1:31:32]} Bc5 {[%clk 1:31:00]} 4. Nc3
{[%clk 1:31:56]} d6 {[%clk 1:31:10]} 5. e3 {[%clk 1:30:52]} a6 {[%clk 1:31:19]}
6. a3 {[%clk 1:31:06]} Ba7 {[%clk 1:31:06]} 7. b4 {[%clk 1:26:24]} h5
{[%clk 1:28:46]} 8. h4 {[%clk 1:24:45]} Bg4 {[%clk 1:19:32]} 9. Qc2
{[%clk 1:23:21]} Qd7 {[%clk 1:18:57]} 10. Bb2 {[%clk 1:23:12]} Nge7
{[%clk 1:10:58]} 11. d3 {[%clk 1:10:41]} Nd8 {[%clk 1:05:20]} 12. Nf3
{[%clk 1:09:55]} f6 {[%clk 1:02:23]} 13. Ne4 {[%clk 1:06:02]} Nf7
{[%clk 0:51:52]} 14. O-O {[%clk 0:51:13]} c6 {[%clk 0:46:51]} 15. Rac1
{[%clk 0:48:02]} Rc8 {[%clk 0:33:07]} 16. Qa4 {[%clk 0:42:25]} Qf5
{[%clk 0:29:32]} 17. Ned2 {[%clk 0:28:01]} Bb8 {[%clk 0:21:41]} 18. e4
{[%clk 0:26:38]} Qd7 {[%clk 0:20:26]} 19. d4 {[%clk 0:25:51]} g5 {[%clk 0:18:56]}
20. c5 {[%clk 0:22:01]} dxc5 {[%clk 0:16:13]} 21. bxc5 gxh4 {[%clk 0:13:42]} 22.
Nxh4 {[%clk 0:19:48]} Bh3 {[%clk 0:13:54]} 23. Ndf3 {[%clk 0:16:10]} Ng5
{[%clk 0:10:18]} 24. Nxg5 {[%clk 0:08:45]} fxg5 {[%clk 0:10:22]} 25. Nf5
{[%clk 0:09:11]} Bxg2 {[%clk 0:06:37]} 26. Kxg2 {[%clk 0:09:21]} Nxf5
{[%clk 0:07:02]} 27. exf5 {[%clk 0:09:06]} Qxf5 {[%clk 0:05:07]} 28. dxe5
{[%clk 0:07:14]} h4 {[%clk 0:05:02]} 29. Qc2 {[%clk 0:06:13]} Qxc2
{[%clk 0:02:53]} 30. Rxc2 {[%clk 0:06:36]} Ke7 {[%clk 0:02:58]} 31. Ba1
{[%clk 0:05:09]} Rh7 {[%clk 0:02:44]} 32. Rd1 {[%clk 0:03:19]} Ke6
{[%clk 0:02:31]} 33. Rcd2 {[%clk 0:03:29]} hxg3 {[%clk 0:02:19]} 34. Kxg3
{[%clk 0:03:28]} Rch8 {[%clk 0:01:56]} 35. Rd8 {[%clk 0:01:28]} Rh3+
{[%clk 0:00:59]} 36. Kg4 {[%clk 0:00:33]} R8h4+ {[%clk 0:00:55]} 37. Kxg5
{[%clk 0:00:48]} Rh5+ {[%clk 0:01:21]} 38. Kg4 {[%clk 0:00:47]} R5h4+
{[%clk 0:01:38]} 39. Kg5 {[%clk 0:30:48]} Rh5+ {[%clk 0:31:40]} 1/2-1/2

[Event "WYCC Open U16"]
[Site "Porto Carras"]
[Date "2015.10.28"]
[Round "4.14"]
[White "Maghsoodloo, Parham"]
[Black "Isaev, Chyngyz"]
[Result "1-0"]
[BlackElo "2193"]
[WhiteElo "2457"]
[LiveChessVersion "1.4.6"]

1. Nf3 {[%clk 1:30:56]} d5 {[%clk 1:30:50]} 2. e3 {[%clk 1:31:15]} Nf6
{[%clk 1:31:11]} 3. b3 {[%clk 1:31:39]} e6 {[%clk 1:31:03]} 4. Bb2
{[%clk 1:32:08]} Be7 {[%clk 1:31:23]} 5. Be2 {[%clk 1:32:26]} O-O
{[%clk 1:31:45]} 6. O-O {[%clk 1:32:49]} b6 {[%clk 1:32:02]} 7. c4
{[%clk 1:33:12]} Bb7 {[%clk 1:32:27]} 8. Nc3 {[%clk 1:33:39]} c5 {[%clk 1:32:20]}
9. cxd5 {[%clk 1:33:55]} Nxd5 {[%clk 1:32:28]} 10. Rc1 {[%clk 1:33:54]} Nd7
{[%clk 1:31:17]} 11. Nxd5 {[%clk 1:32:39]} Bxd5 {[%clk 1:31:28]} 12. Bc4
{[%clk 1:32:54]} Bb7 {[%clk 1:25:07]} 13. Qe2 {[%clk 1:33:11]} Bf6
{[%clk 1:24:39]} 14. Ba3 {[%clk 1:19:51]} Re8 {[%clk 0:58:52]} 15. b4
{[%clk 1:17:42]} cxb4 {[%clk 0:54:15]} 16. Bxb4 {[%clk 1:17:19]} Be7
{[%clk 0:54:30]} 17. Bc3 {[%clk 1:17:28]} Ba3 {[%clk 0:53:32]} 18. Rb1
{[%clk 1:15:10]} Qe7 {[%clk 0:53:17]} 19. Nd4 {[%clk 1:14:55]} a6
{[%clk 0:44:29]} 20. f4 {[%clk 1:14:07]} b5 {[%clk 0:44:17]} 21. f5
{[%clk 0:56:57]} e5 {[%clk 0:17:09]} 22. f6 {[%clk 0:57:04]} Nxf6
{[%clk 0:17:37]} 23. Nf5 {[%clk 0:57:28]} Qc7 {[%clk 0:17:56]} 24. Bb3
{[%clk 0:51:59]} Be7 {[%clk 0:15:08]} 25. Rbc1 {[%clk 0:47:20]} Rac8
{[%clk 0:14:46]} 26. Bb4 {[%clk 0:40:29]} Bxb4 {[%clk 0:06:13]} 27. Rxc7
{[%clk 0:40:49]} Rxc7 {[%clk 0:06:41]} 28. Nh6+ {[%clk 0:38:42]} Kf8
{[%clk 0:07:10]} 29. Rxf6 {[%clk 0:38:41]} gxf6 {[%clk 0:07:32]} 30. Qg4
{[%clk 0:39:05]} Bxd2 {[%clk 0:06:29]} 31. Nf5 {[%clk 0:38:36]} Rd8
{[%clk 0:06:43]} 32. Qg7+ {[%clk 0:38:11]} Ke8 {[%clk 0:07:11]} 33. Bxf7+
{[%clk 0:38:40]} Kd7 {[%clk 0:07:05]} 34. Be6+ {[%clk 0:36:36]} Kc6
{[%clk 0:05:50]} 35. Qxf6 {[%clk 0:37:00]} Rb8 {[%clk 0:04:56]} 36. Bf7+
{[%clk 0:37:06]} 1-0

[Event "WYCC Open U16"]
[Site "Porto Carras"]
[Date "2015.10.28"]
[Round "4.15"]
[White "Haria, Ravi"]
[Black "Kavon, Rastislav"]
[Result "1/2-1/2"]
[BlackElo "2183"]
[WhiteElo "2445"]
[LiveChessVersion "1.4.6"]

1. Nf3 {[%clk 1:30:57]} Nf6 {[%clk 1:29:51]} 2. g3 {[%clk 1:31:11]} g6
{[%clk 1:30:16]} 3. Bg2 {[%clk 1:31:37]} Bg7 {[%clk 1:30:41]} 4. d4
{[%clk 1:32:02]} O-O {[%clk 1:31:03]} 5. c4 {[%clk 1:32:28]} d6 {[%clk 1:31:18]}
6. Nc3 {[%clk 1:32:48]} Nc6 {[%clk 1:30:45]} 7. O-O {[%clk 1:33:10]} a6
{[%clk 1:30:51]} 8. Qc2 {[%clk 1:30:50]} e5 {[%clk 1:22:50]} 9. dxe5
{[%clk 1:30:26]} Nxe5 {[%clk 1:22:59]} 10. Nxe5 {[%clk 1:25:56]} dxe5
{[%clk 1:22:57]} 11. Rd1 {[%clk 1:23:05]} Qe7 {[%clk 1:22:27]} 12. Nd5
{[%clk 1:09:13]} Nxd5 {[%clk 1:21:52]} 13. cxd5 {[%clk 1:09:33]} Rd8
{[%clk 1:03:58]} 14. Be3 {[%clk 1:08:44]} Bf8 {[%clk 0:58:43]} 15. Rac1
{[%clk 1:06:56]} Rd7 {[%clk 0:58:12]} 16. f4 {[%clk 0:57:53]} Bg7
{[%clk 0:55:25]} 17. Bc5 {[%clk 0:42:30]} Qe8 {[%clk 0:53:39]} 18. Bf2
{[%clk 0:38:57]} Re7 {[%clk 0:47:14]} 19. e4 {[%clk 0:32:50]} b6 {[%clk 0:46:29]}
20. d6 {[%clk 0:25:15]} cxd6 {[%clk 0:46:47]} 21. Rxd6 {[%clk 0:24:52]} Bb7
{[%clk 0:36:16]} 22. Bxb6 {[%clk 0:23:21]} exf4 {[%clk 0:35:02]} 23. Rcd1
{[%clk 0:19:50]} Qb5 {[%clk 0:35:02]} 24. gxf4 {[%clk 0:16:53]} Qxb2
{[%clk 0:31:20]} 25. Qxb2 {[%clk 0:13:00]} Bxb2 {[%clk 0:31:44]} 26. Rd7
{[%clk 0:10:38]} Rxd7 {[%clk 0:30:34]} 27. Rxd7 {[%clk 0:11:05]} Bc6
{[%clk 0:30:58]} 28. Rd6 {[%clk 0:08:08]} Bb5 {[%clk 0:27:15]} 29. Rd2
{[%clk 0:04:28]} Bc1 {[%clk 0:25:09]} 30. Rf2 {[%clk 0:03:16]} 1/2-1/2

[Event "WYCC Open U16"]
[Site "Porto Carras"]
[Date "2015.10.28"]
[Round "4.16"]
[White "Makhnyov, Denis"]
[Black "Stauskas, Lukas"]
[Result "1-0"]
[BlackElo "2169"]
[WhiteElo "2399"]
[LiveChessVersion "1.4.6"]

1. d4 {[%clk 1:30:51]} Nf6 {[%clk 1:30:54]} 2. c4 {[%clk 1:31:03]} e6
{[%clk 1:31:20]} 3. Nc3 {[%clk 1:31:08]} Bb4 {[%clk 1:31:44]} 4. e3
{[%clk 1:31:32]} c5 {[%clk 1:32:06]} 5. Nge2 {[%clk 1:31:33]} cxd4
{[%clk 1:32:26]} 6. exd4 {[%clk 1:31:58]} d5 {[%clk 1:32:46]} 7. c5
{[%clk 1:31:54]} Ne4 {[%clk 1:33:08]} 8. Bd2 {[%clk 1:32:11]} Nxd2
{[%clk 1:33:24]} 9. Qxd2 {[%clk 1:32:39]} a5 {[%clk 1:33:36]} 10. a3
{[%clk 1:32:47]} Bxc3 {[%clk 1:33:59]} 11. Nxc3 {[%clk 1:33:15]} a4
{[%clk 1:34:11]} 12. Rc1 {[%clk 1:27:16]} Bd7 {[%clk 1:33:43]} 13. Bd3
{[%clk 1:24:27]} O-O {[%clk 1:31:56]} 14. O-O {[%clk 1:22:44]} b6
{[%clk 1:31:36]} 15. Nb5 {[%clk 1:19:51]} bxc5 {[%clk 1:26:16]} 16. dxc5
{[%clk 1:12:01]} Qa5 {[%clk 1:15:59]} 17. Qe2 {[%clk 1:06:25]} Nc6
{[%clk 1:10:32]} 18. Nd6 {[%clk 1:02:15]} Rab8 {[%clk 1:08:29]} 19. Rc3
{[%clk 0:57:36]} g6 {[%clk 0:56:14]} 20. Bb1 {[%clk 0:29:53]} Nd4
{[%clk 0:45:20]} 21. Qe5 {[%clk 0:16:51]} Nb5 {[%clk 0:41:38]} 22. Nxf7
{[%clk 0:17:09]} Kxf7 23. Rh3 Kg8 {[%clk 0:25:05]} 24. Rxh7 {[%clk 0:17:29]} 1-0

[Event "WYCC Open U16"]
[Site "Porto Carras"]
[Date "2015.10.28"]
[Round "4.17"]
[White "Alexiadis, Hristos"]
[Black "Cori Quispe, Kevin"]
[Result "1-0"]
[BlackElo "2395"]
[WhiteElo "2189"]
[LiveChessVersion "1.4.6"]

1. e4 {[%clk 1:29:57]} c5 {[%clk 1:30:51]} 2. Nf3 {[%clk 1:29:09]} e6
{[%clk 1:31:11]} 3. d3 {[%clk 1:28:28]} Nc6 {[%clk 1:31:30]} 4. g3
{[%clk 1:27:33]} Nf6 {[%clk 1:31:47]} 5. Bg2 {[%clk 1:27:07]} d5 {[%clk 1:32:00]}
6. Qe2 {[%clk 1:24:54]} Be7 {[%clk 1:32:14]} 7. O-O {[%clk 1:24:36]} b5
{[%clk 1:30:22]} 8. a4 {[%clk 1:05:55]} b4 {[%clk 1:27:05]} 9. e5
{[%clk 1:01:06]} Nd7 {[%clk 1:27:22]} 10. c4 {[%clk 1:01:23]} bxc3
{[%clk 1:16:21]} 11. bxc3 {[%clk 1:01:26]} Ba6 {[%clk 1:16:09]} 12. Na3
{[%clk 1:01:48]} Na5 {[%clk 1:12:17]} 13. c4 {[%clk 0:48:29]} Nb6
{[%clk 1:10:40]} 14. Rb1 {[%clk 0:36:47]} Nxa4 {[%clk 1:01:49]} 15. Bd2
{[%clk 0:37:15]} Nc6 {[%clk 1:02:09]} 16. cxd5 {[%clk 0:37:01]} exd5
{[%clk 1:02:31]} 17. e6 {[%clk 0:36:45]} f6 {[%clk 0:11:42]} 18. Rfc1
{[%clk 0:25:53]} O-O {[%clk 0:11:42]} 19. Nc2 {[%clk 0:24:19]} Nb6
{[%clk 0:10:25]} 20. Ne3 {[%clk 0:23:13]} Re8 {[%clk 0:10:03]} 21. Nf5
{[%clk 0:16:37]} Bc8 {[%clk 0:08:47]} 22. Bh3 {[%clk 0:14:39]} Bf8
{[%clk 0:05:31]} 23. Bf4 {[%clk 0:15:06]} Kh8 {[%clk 0:04:05]} 24. N3h4
{[%clk 0:13:23]} Rxe6 {[%clk 0:03:59]} 25. Qb2 {[%clk 0:12:25]} Re8
{[%clk 0:02:46]} 26. Qa1 {[%clk 0:12:20]} Be6 {[%clk 0:02:53]} 27. Re1
{[%clk 0:12:40]} Qd7 {[%clk 0:02:47]} 28. Rxe6 {[%clk 0:12:19]} Qxe6
{[%clk 0:03:16]} 29. Nxg7 {[%clk 0:12:42]} Qxh3 {[%clk 0:01:41]} 30. Nxe8
{[%clk 0:13:10]} Rxe8 {[%clk 0:00:34]} 31. Qxf6+ {[%clk 0:13:37]} Bg7
{[%clk 0:01:01]} 32. Qxc6 {[%clk 0:14:00]} Qc8 {[%clk 0:01:15]} 33. Qb5
{[%clk 0:13:20]} Bf6 {[%clk 0:00:33]} 34. Ng2 {[%clk 0:12:40]} Re6
{[%clk 0:00:33]} 35. Rc1 {[%clk 0:12:51]} Rc6 {[%clk 0:00:36]} 36. Ne3
{[%clk 0:13:00]} Be7 {[%clk 0:00:34]} 37. Nf5 {[%clk 0:12:58]} Bf8
{[%clk 0:00:40]} 38. Nd4 {[%clk 0:11:22]} Rg6 {[%clk 0:00:54]} 39. Nf3
{[%clk 0:11:50]} Rg8 {[%clk 0:00:33]} 40. Be5+ {[%clk 0:39:28]} Bg7
{[%clk 0:30:59]} 41. Bxg7+ {[%clk 0:38:02]} Rxg7 {[%clk 0:31:24]} 42. Rxc5
{[%clk 0:38:02]} Rc7 {[%clk 0:31:40]} 43. d4 {[%clk 0:35:50]} Qd8
{[%clk 0:30:07]} 44. Ne5 {[%clk 0:34:01]} Kg7 {[%clk 0:30:32]} 45. Qe2
{[%clk 0:34:06]} 1-0